Krokowa i okolice w okresie "upiornej dekady" (1939-1949)

Titel: Krokowa i okolice w okresie "upiornej dekady" (1939-1949)
Verfasser:
In: Acta cassubiana, Band 7 (2005), Seite 113-137
alle Artikel anzeigen
Veröffentlicht: 2005
Format: Aufsatz
Sprache: Polnisch
Kein Bild verfügbar
X
alg: 39396584
001A    $01999:12-11-16 
001B    $06050:10-03-26 $t09:56:27.000 
001D    $01999:12-11-16 
001U    $0utf8 
001X    $00 
002@    $0Aox 
003@    $0393965848 
007A    $0393965848 $aHEB 
007T    $0Herdk72618 
010@    $apol 
011@    $a2005 
021A    $aKrokowa i okolice w okresie "upiornej dekady" (1939-1949) 
028A    $aBerendt $dGrzegorz 
031A    $d7 $h113-137 $j2005 
039B    $aIn $8--Abvc--. Acta cassubiana. - Gdańsk : [Verlag nicht ermittelbar], 1999-. - ISSN 1509-5703 $x200500000070000887 $9099074672 
045F    $a900.943809043 $eDDC23BSB 
045F/01 $a900 
045F/03 $f09043 
045F/03 $f09044 
045F/03 $g438 
045F/03 $g4382 
045F/03 $g43832 
045T    $a7,41 $a7,39 
045T    $aOST $qDE-12 $2FID 

lok: 39396584 78

exp: 39396584 78 1 #EPN
201B/01 $018-11-16 $t10:14:26.000 
201U/01 $0utf8 
203@/01 $0790076365 
208@/01 $a12-11-16 $be 
209A/01 $a/ $f000 $x00 
220C/01 $aTitelaufnehmer: pbb 
220C/01 $aHerkunft: PBB/IH PAN 
244Z/01 $2Trx $#Prusy Wschodnie i Zachodnie $8--Trx--Ost- und Westpreußen $x01 $939113373X 
244Z/01 $2Trx $#Poola $#Lenkija $#Polija $#Polen Land $#Poland $#Lengyelország $#Poľsko $#Polsko $8--Trx--Polska$gkraj $x02 $9391345966 
244Z/01 $2Trx $#Krockow Putzig $8--Trx--Krokowa$gPuck $x03 $9391190229 
244Z/01 $2Trx $8--Trx--Zeitschriftenaufsatz $x04 $9391384341 
245Z/01 $a13.03 $x01 
245Z/01 $a06.04.03 $x02 
247C/01 $82080>Marburg/Lahn, Herder-Institut, Forschungsbibliothek, Bibliographieportal $9336309341
LEADER 00000caa a22000002c 4500
001 393965848
003 DE-603
005 20260310095627.0
007 tu
008 161112s2005 xx |||| | u00||u|pol c
035 |a (DE-599)HEB393965848 
040 |a DE-603  |b ger  |c DE-603  |d DE-603 
041 |a pol 
082 0 4 |8 1\u  |a 900.943809043  |q DE-101  |2 23/BSB 
084 |a 7,41  |a 7,39  |2 ssgn 
084 |a OST  |q DE-12  |2 fid 
085 |8 1\u  |b 900 
085 |8 1\u  |z 1  |s 09043 
085 |8 1\u  |z 1  |s 09044 
085 |8 1\u  |z 2  |s 438 
085 |8 1\u  |z 2  |s 4382 
085 |8 1\u  |z 2  |s 43832 
100 1 |a Berendt, Grzegorz 
245 0 0 |a Krokowa i okolice w okresie "upiornej dekady" (1939-1949) 
264 0 |c 2005 
773 0 8 |i In  |t Acta cassubiana  |d Gdańsk : [Verlag nicht ermittelbar], 1999-  |x 1509-5703  |g Band 7 (2005), Seite 113-137  |w (DE-603)099074672  |w (DE-600)2050525-5 
924 0 |9 2080  |a (DE-603)790076365  |b DE-2080  |c HES  |d d  |g /